000 00724 a2200205 4500
020 _a0814477143
020 _a9780814477144
082 0 4 _a658.8
090 _c1863
_d1863
100 1 _aWeinrauch, J. Donald.
245 1 4 _aThe frugal marketer :
_bsmart tips for stretching your budget /
_cJ. Donald Weinrauch.
250 _a1st THUS ed.
260 _a[S.l.] :
_bAMACOM/American Management Association,
_c1989.
300 _a363 p. ;
_c23 cm.
500 _aPaperback.
700 1 _aBaker, Nancy C.
856 4 0 _3Amazon.com
_uhttp://www.amazon.com/exec/obidos/ASIN/0814477143/chopaconline-20
856 4 0 _3Amazon customer reviews
_uhttp://www.chopac.org/cgi-bin/tools/azrev.pl?q=0814477143
942 _aNBS
_cBK
_k658.8 WEI
999 _c344374
_d344374